| 000 | 00753nac a22002051u 4500 | ||
|---|---|---|---|
| 020 | _a9780070611412 (pbk.) | ||
| 082 | 0 | 0 |
_a621.815 _bBAH |
| 090 |
_c9002 _d9002 |
||
| 100 | _aBahandari, V. B. | ||
| 245 | 1 | 0 |
_aDesign of machine elements/ _cV. B. Bahandari |
| 250 | _a2nd ed. | ||
| 260 |
_aNew Delhi : _bTata McGraw- Hill,2007 _cc2007 |
||
| 300 |
_axi, 861p. : _bill.; _c24 cm. |
||
| 500 | _aDistributer : Al Magmoa Al Elmeya | ||
| 504 | _aIncludes bibliographical references and index. | ||
| 511 | _aCatalogued by: Sara | ||
| 650 | 0 | _aMachine design. | |
| 942 |
_cBB _k621.815BAH |
||
| 999 |
_c9002 _d9002 |
||